[Event "Faxe EMT 2009"]
[Site "Faxe"]
[Date "2009.03.18"]
[Round "1"]
[White "Wehlast, Svend Erik"]
[Black "Christensen, Lars (1957)"]
[Result "0-1"]
[WhiteElo "1479"]
[BlackElo "1998"]
[PlyCount "104"]
[EventDate "2009.??.??"]

1. d4 f5 2. Nf3 b6 3. Bf4 Nf6 4. h3 Ba6 5. Nbd2 d5 6. c3 e6 7. Ne5 c6 8. Ndf3
Ne4 9. g4 Be7 10. e3 Bh4 11. Rh2 Bxf1 12. Kxf1 O-O 13. g5 Bxg5 14. h4 Bxf4 15.
exf4 c5 16. Ng5 Rf6 17. Qh5 h6 18. Ngf7 Qe7 19. Rg2 Rxf7 20. Nxf7 Qxf7 21. Qxh6
a5 22. Ke2 Ra7 23. Rag1 Qf6 24. Rg6 Qf8 25. Rxe6 Re7 26. Re5 Nd7 27. f3 Nxe5
28. fxe5 Nf6 29. Kd2 Nd7 30. h5 Qf7 31. Qg5 Nf8 32. f4 Ne6 33. Qh6 Kf8 34. Qh8+
Qg8 35. Qxg8+ Kxg8 36. Ke3 Kf7 37. dxc5 bxc5 38. Rf1 Rb7 39. b3 a4 40. Rb1 Ke7
41. Rd1 axb3 42. axb3 d4+ 43. cxd4 Rxb3+ 44. Kf2 cxd4 45. Rh1 Nxf4 46. h6 Nh3+
47. Kg2 gxh6 48. Ra1 Nf4+ 49. Kh2 h5 50. Ra6 Rh3+ 51. Kg1 Re3 52. Rf6 Rxe5 0-1

[Event "Faxe EMT 2009"]
[Site "Faxe"]
[Date "2009.03.18"]
[Round "1"]
[White "Jensen, Leif"]
[Black "Andersen, Hans E"]
[Result "1-0"]
[WhiteElo "1990"]
[BlackElo "1449"]
[PlyCount "55"]
[EventDate "2009.??.??"]

1. e4 e5 2. Nc3 Nf6 3. f4 d6 4. Nf3 Nc6 5. Bb5 Bd7 6. Bxc6 Bxc6 7. d3 h6 8.
fxe5 dxe5 9. Nxe5 Qd6 10. Nc4 Qe6 11. Qf3 Bb4 12. Ne3 g6 13. Bd2 O-O-O 14. a3
Bc5 15. O-O-O Rd7 16. Rhf1 Nh7 17. Ng4 f5 18. exf5 gxf5 19. Qxf5 Qe7 20. Rde1
Qd6 21. Bf4 Qf8 22. Qxf8+ Bxf8 23. g3 h5 24. Ne5 Re7 25. Nxc6 Rxe1+ 26. Rxe1
bxc6 27. Re8+ Kb7 28. Ne4 1-0

[Event "Faxe EMT 2009"]
[Site "Faxe"]
[Date "2009.03.18"]
[Round "1"]
[White "Brinkhard, Anders"]
[Black "Andersen, Bjarne Hjorth"]
[Result "1/2-1/2"]
[WhiteElo "1432"]
[BlackElo "1881"]
[PlyCount "72"]
[EventDate "2009.??.??"]

1. Nf3 Nf6 2. d4 g6 3. c3 Bg7 4. h3 O-O 5. Bf4 d6 6. e3 Nbd7 7. Nbd2 c5 8. Be2
b6 9. O-O Bb7 10. Re1 Rc8 11. a4 cxd4 12. exd4 Re8 13. Bf1 Nh5 14. Bh2 e5 15.
dxe5 dxe5 16. Nc4 Bxf3 17. Qxf3 Re6 18. Qd1 Qe7 19. Ne3 Nhf6 20. Nd5 Nxd5 21.
Qxd5 Nc5 22. Red1 Nb7 23. Qd7 Rc7 24. Qxe7 Rcxe7 25. Bc4 Rd6 26. Rxd6 Nxd6 27.
Bb3 Nb7 28. Rd1 Kf8 29. Kf1 f5 30. f3 Rc7 31. Bg1 Ke7 32. Bf2 Bf6 33. Ke2 Nd6
34. Ra1 e4 35. fxe4 Nxe4 36. Bc2 Nxf2 1/2-1/2

[Event "Faxe EMT 2009"]
[Site "Faxe"]
[Date "2009.03.18"]
[Round "1"]
[White "Lindskov, Villy"]
[Black "Hansen, Egon"]
[Result "1-0"]
[WhiteElo "1822"]
[BlackElo "1427"]
[PlyCount "61"]
[EventDate "2009.??.??"]

1. e4 e5 2. Nf3 d6 3. d4 exd4 4. Nxd4 Nf6 5. Nc3 Be7 6. Bc4 O-O 7. O-O c6 8. a4
Nbd7 9. Ba2 a5 10. Be3 Re8 11. f3 Nf8 12. Qd2 h6 13. Rad1 Qc7 14. Nde2 Be6 15.
Bxe6 Nxe6 16. Ng3 Bf8 17. Nf5 Rad8 18. Qf2 c5 19. Qg3 Nh5 20. Qh4 g6 21. Nxh6+
Bxh6 22. Bxh6 Qe7 23. Qxe7 Rxe7 24. Nd5 Ree8 25. g4 Kh7 26. Bd2 Rg8 27. gxh5
gxh5+ 28. Kf2 Rg6 29. Rg1 Rdg8 30. Rxg6 Rxg6 31. Bxa5 1-0

[Event "Faxe EMT 2009"]
[Site "Faxe"]
[Date "2009.03.18"]
[Round "1"]
[White "Eriksen, Keld"]
[Black "Hansen, Arne Mandrup"]
[Result "1-0"]
[WhiteElo "1635"]
[BlackElo "1397"]
[PlyCount "115"]
[EventDate "2009.??.??"]

1. e4 d5 2. exd5 Nf6 3. d4 Qxd5 4. c4 Qd8 5. Nc3 c6 6. Nf3 Bg4 7. Be2 Bxf3 8.
Bxf3 e6 9. Bf4 Bd6 10. Bxd6 Qxd6 11. O-O Nbd7 12. Qb3 Qc7 13. Rad1 O-O 14. Rfe1
Rad8 15. d5 exd5 16. cxd5 cxd5 17. Nxd5 Nxd5 18. Bxd5 Nb6 19. Bf3 h6 20. Rc1
Qd7 21. h3 Rfe8 22. Red1 Qe7 23. a4 Rb8 24. a5 Nc8 25. Qd5 Qf8 26. Rc7 Ne7 27.
Qb5 a6 28. Qb4 Nc6 29. Qxf8+ Rxf8 30. Bxc6 bxc6 31. Rxc6 Rxb2 32. Rxa6 Rfb8 33.
Rad6 Rb1 34. a6 Rxd1+ 35. Rxd1 Ra8 36. Ra1 Ra7 37. Kf1 Kf8 38. Ke2 Ke7 39. Kd3
Kd6 40. Kc4 Kc6 41. Ra5 Kb6 42. Kb4 Rxa6 43. Rxa6+ Kxa6 44. Kc5 Kb7 45. Kd6 f5
46. Ke5 f4 47. Kxf4 Kc7 48. Kf5 Kd7 49. Kg6 Ke6 50. Kxg7 h5 51. Kg6 h4 52. Kg5
Ke5 53. f4+ Ke6 54. Kxh4 Kf5 55. Kg3 Kg6 56. Kg4 Kh6 57. f5 Kg7 58. Kg5 1-0

[Event "Faxe EMT 2009"]
[Site "Faxe"]
[Date "2009.03.20"]
[Round "1"]
[White "Toftvang, Ove"]
[Black "Hansen, Knud"]
[Result "1-0"]
[WhiteElo "1355"]
[BlackElo "1633"]
[PlyCount "117"]
[EventDate "2009.??.??"]

1. f4 e6 2. g3 d5 3. d4 Bd6 4. Bg2 Ne7 5. Nf3 Nd7 6. O-O Nf5 7. c3 Nb6 8. b3 c6
9. e3 Bd7 10. a4 a5 11. Ne5 f6 12. Qh5+ g6 13. Nxg6 hxg6 14. Qxh8+ Kf7 15. Qxd8
Rxd8 16. e4 dxe4 17. Bxe4 Ne7 18. c4 Bc7 19. Ba3 f5 20. Bg2 Bc8 21. Rd1 Nd7 22.
Nc3 Nf6 23. h3 Nh5 24. Ne2 Re8 25. Rac1 Ng8 26. Bf3 Ngf6 27. Bb2 Rh8 28. d5
exd5 29. cxd5 Bb6+ 30. Kg2 cxd5 31. Bxd5+ Nxd5 32. Rxd5 Re8 33. Be5 Be6 34. Rb5
Be3 35. Rxb7+ Kf8 36. Rcc7 Bd5+ 37. Kh2 Bxb7 38. Rxb7 Bd2 39. Rb6 Kf7 40. Nd4
Be3 41. Rb7+ Kf8 42. Nc6 Rc8 43. Rb8 Rxb8 44. Nxb8 Ng7 45. Bc3 Ne6 46. Bxa5 g5
47. fxg5 Bxg5 48. Bb4+ Ke8 49. a5 Kd8 50. a6 Kc8 51. Nc6 Be3 52. Ne7+ Kb8 53.
Nxf5 Bb6 54. h4 Ka7 55. h5 Kxa6 56. h6 Ng5 57. Be7 Nh7 58. g4 Bc7+ 59. Kh3 1-0

[Event "Faxe EMT 2009"]
[Site "Faxe"]
[Date "2009.03.18"]
[Round "1"]
[White "Eckert, Svend"]
[Black "Nielsen, Poul Erik2"]
[Result "0-1"]
[WhiteElo "1628"]
[BlackElo "1291"]
[PlyCount "50"]
[EventDate "2009.??.??"]

1. c4 c5 2. e3 e6 3. Nc3 Nf6 4. d4 cxd4 5. exd4 Be7 6. Bd3 b6 7. Nge2 Bb7 8.
O-O O-O 9. a3 a5 10. f3 d6 11. Bf4 Nbd7 12. Ng3 e5 13. Be3 exd4 14. Bxd4 Nc5
15. Bc2 d5 16. cxd5 Nxd5 17. Nxd5 Bxd5 18. Re1 Be6 19. Rc1 Ra7 20. Ne4 Rd7 21.
Nxc5 bxc5 22. Qd3 g6 23. Rxe6 Rxd4 24. Rxg6+ hxg6 25. Qe2 Bg5 0-1

[Event "Faxe EMT 2009"]
[Site "Faxe"]
[Date "2009.03.18"]
[Round "1"]
[White "Christoffersen, Per"]
[Black "Andersen, Hans Poul"]
[Result "1-0"]
[WhiteElo "1530"]
[BlackElo "1269"]
[PlyCount "87"]
[EventDate "2009.??.??"]

1. d4 e6 2. c4 Be7 3. e4 d6 4. Nc3 Bd7 5. Nf3 h6 6. Be2 c5 7. O-O cxd4 8. Nxd4
e5 9. Ndb5 Bc6 10. Nd5 Bxb5 11. cxb5 Nf6 12. f3 O-O 13. Be3 Nbd7 14. Rc1 b6 15.
Nb4 Nc5 16. Nc6 Qe8 17. Bc4 Ne6 18. Qb3 Nd8 19. Rfd1 Nxc6 20. bxc6 Rc8 21. Bd5
Rc7 22. Rd2 Qd8 23. a4 Qb8 24. Rcd1 Nxd5 25. Qxd5 Qc8 26. Rc1 Qe6 27. b4 Qxd5
28. Rxd5 f5 29. b5 f4 30. Bf2 Rfc8 31. g3 g5 32. gxf4 gxf4 33. Kg2 Kf7 34. Kh3
Rg8 35. Rg1 Rxg1 36. Bxg1 Ke6 37. Bf2 Bf8 38. Rd1 h5 39. Bh4 Rc8 40. Rg1 Kf7
41. Rg5 Be7 42. Rf5+ Ke6 43. Bxe7 Kxe7 44. Kh4 1-0

[Event "Faxe EMT 2009"]
[Site "Faxe"]
[Date "2009.03.18"]
[Round "1"]
[White "Eriksen, Knud Ejler"]
[Black "Strandsbjerg, Jens"]
[Result "0-1"]
[WhiteElo "1255"]
[BlackElo "1529"]
[PlyCount "104"]
[EventDate "2009.??.??"]

1. d4 Nf6 2. c4 e6 3. Nc3 d5 4. e3 Bb4 5. Qc2 O-O 6. Nf3 Nc6 7. Be2 a6 8. O-O
dxc4 9. Bxc4 b5 10. Bd3 Bb7 11. a3 Bd6 12. b4 Ne7 13. Ne4 Bxe4 14. Bxe4 Nxe4
15. Qxe4 h6 16. Bb2 Nd5 17. Rac1 Qd7 18. Qc2 Nb6 19. Ra1 a5 20. Bc3 axb4 21.
Bxb4 Bxb4 22. axb4 Nc4 23. Qe4 c6 24. h3 Rfc8 25. Rfd1 Qe7 26. Rdb1 Rxa1 27.
Rxa1 Qxb4 28. Rc1 Qd6 29. Qc2 e5 30. dxe5 Nxe5 31. Nd4 Nc4 32. Nf5 Qe5 33. Rd1
Qf6 34. Qe4 Kf8 35. Ng3 g6 36. Rd4 Re8 37. Qd3 Ne5 38. Qd1 Nc4 39. Ne4 Qe7 40.
Rd7 Qxe4 41. Qa1 Qe5 42. Qa7 Qe6 43. Qc5+ Kg8 44. Rd4 Ra8 45. g4 Ra1+ 46. Kg2
Ra8 47. Qb4 Rc8 48. Qe1 c5 49. Rf4 Rd8 50. Qe2 Rd2 51. Qf3 Rd8 52. Rf6 Qd5 0-1

[Event "Faxe EMT 2009"]
[Site "Faxe"]
[Date "2009.03.18"]
[Round "1"]
[White "Refsgaard, Kaj"]
[Black "Voigt, Keld"]
[Result "1-0"]
[WhiteElo "1524"]
[BlackElo "1180"]
[PlyCount "52"]
[EventDate "2009.??.??"]

1. Nf3 e6 2. d4 c6 3. Bf4 d5 4. e3 Bd6 5. Bxd6 Qxd6 6. Nbd2 b5 7. Bd3 Nf6 8.
O-O h6 9. a4 a6 10. axb5 cxb5 11. Bxb5+ Bd7 12. Bxd7+ Nbxd7 13. c4 Qb4 14. Qc2
dxc4 15. Nxc4 O-O 16. Ra4 Qb5 17. Ra5 Qc6 18. Qd3 Nd5 19. Nfe5 Nxe5 20. Nxe5
Qb6 21. Nc4 Qb8 22. h3 Nb4 23. Qd2 Nc6 24. Rc5 Qb4 25. Rxc6 Qxd2 26. Nxd2 a5
1-0

[Event "Faxe EMT 2009"]
[Site "Faxe"]
[Date "2009.03.18"]
[Round "1"]
[White "Lillebro, Verner"]
[Black "Larsen, Paul M"]
[Result "1/2-1/2"]
[WhiteElo "1285"]
[BlackElo "1613"]
[PlyCount "51"]
[EventDate "2009.??.??"]

1. d4 d6 2. c4 Nd7 3. Nc3 e5 4. Nf3 c6 5. dxe5 dxe5 6. g3 Be7 7. Bg2 Ngf6 8.
O-O O-O 9. e3 Qc7 10. Qc2 b6 11. Ng5 a5 12. Nb5 Qb8 13. Nc3 Bb7 14. b3 h6 15.
Nge4 Nc5 16. Bb2 Ncxe4 17. Nxe4 c5 18. Rad1 Nxe4 19. Bxe4 Bf6 20. Rd2 Bxe4 21.
Qxe4 Qc7 22. Rfd1 Rfd8 23. Rxd8+ Rxd8 24. Rxd8+ Qxd8 25. Bxe5 Bxe5 26. Qxe5
1/2-1/2

[Event "Faxe EMT 2009"]
[Site "Faxe"]
[Date "2009.03.18"]
[Round "1"]
[White "Jakobsen, Henning"]
[Black "Hansen, Borge"]
[Result "0-1"]
[WhiteElo "1141"]
[BlackElo "1511"]
[PlyCount "72"]
[EventDate "2009.??.??"]

1. d4 d5 2. c4 dxc4 3. Nc3 e6 4. e3 Nf6 5. Bxc4 Be7 6. Nf3 O-O 7. O-O Nbd7 8.
Qc2 b6 9. Bd3 h6 10. Bd2 Bb7 11. e4 c5 12. Rad1 cxd4 13. Nxd4 Rc8 14. Rc1 Nc5
15. Be3 Ncxe4 16. Bxe4 Bxe4 17. Qe2 Bd5 18. Ndb5 Qd7 19. Nxd5 Nxd5 20. Nc3 Nxc3
21. Rxc3 Qb7 22. Qg4 Rxc3 23. bxc3 Kh7 24. Bd4 g6 25. Qf4 f6 26. Be3 g5 27. Qf3
Qxf3 28. gxf3 Rd8 29. Re1 e5 30. a4 Rd7 31. Kg2 Kg6 32. Kg3 Ba3 33. Re2 Kf5 34.
h4 Rd3 35. Rc2 Rd5 36. f4 exf4+ 0-1

[Event "Faxe EMT 2009"]
[Site "Faxe"]
[Date "2009.03.18"]
[Round "1"]
[White "Johannsen, Bjorn"]
[Black "Nielsen, Johannes"]
[Result "1-0"]
[WhiteElo "1499"]
[BlackElo "1000"]
[PlyCount "104"]
[EventDate "2009.??.??"]

1. d4 d5 2. Bf4 Nc6 3. Nf3 f6 4. e3 e6 5. c3 Bd6 6. Bxd6 cxd6 7. Nbd2 Nge7 8.
Bd3 O-O 9. O-O e5 10. dxe5 dxe5 11. e4 Be6 12. Re1 Qc7 13. Rc1 Rad8 14. Qc2 Ng6
15. exd5 Bxd5 16. a3 Kh8 17. Bxg6 hxg6 18. Qxg6 Qf7 19. Qg3 g6 20. Ne4 Qh7 21.
Re3 Ne7 22. Rce1 Nf5 23. Qg4 Nxe3 24. Rxe3 Qh5 25. Qxh5+ gxh5 26. h3 b6 27. Nh4
Bxe4 28. Rxe4 Rg8 29. b4 Rd3 30. Rc4 Rd1+ 31. Kh2 Rd7 32. Rc6 Rf7 33. a4 Kh7
34. g3 Rd8 35. Nf5 Rdd7 36. Kg2 Kg6 37. Nd6 Rxd6 38. Rxd6 Rf8 39. Kf3 Rc8 40.
Rd3 Rc4 41. Ke2 f5 42. Re3 e4 43. f3 exf3+ 44. Rxf3 Re4+ 45. Re3 Kg5 46. Rxe4
fxe4 47. Ke3 Kf5 48. g4+ hxg4 49. hxg4+ Kxg4 50. Kxe4 Kg5 51. Ke5 Kg6 52. Ke6
Kg7 1-0

[Event "Faxe EMT 2009"]
[Site "Faxe"]
[Date "2009.03.25"]
[Round "2"]
[White "Christensen, Lars (1957)"]
[Black "Strandsbjerg, Jens"]
[Result "1-0"]
[WhiteElo "1998"]
[BlackElo "1529"]
[PlyCount "29"]
[EventDate "2009.??.??"]

1. e4 e6 2. Nf3 d5 3. e5 c5 4. b4 cxb4 5. a3 Nc6 6. axb4 Bxb4 7. c3 Ba5 8. d4
Qd7 9. Bd3 f6 10. O-O fxe5 11. Rxa5 Nxa5 12. Nxe5 Qe7 13. Qh5+ Kd8 14. Nf7+ Kc7
15. Ba3 1-0

[Event "Faxe EMT 2009"]
[Site "Faxe"]
[Date "2009.03.25"]
[Round "2"]
[White "Refsgaard, Kaj"]
[Black "Jensen, Leif"]
[Result "1/2-1/2"]
[WhiteElo "1524"]
[BlackElo "1990"]
[PlyCount "170"]
[EventDate "2009.??.??"]

1. Nf3 d5 2. d4 c6 3. Bf4 Bf5 4. e3 e6 5. Nbd2 Nf6 6. Be2 Nbd7 7. O-O Ne4 8.
Rc1 Ndf6 9. c4 Bd6 10. cxd5 exd5 11. Bxd6 Qxd6 12. Ne5 O-O 13. Nxe4 Bxe4 14.
Qb3 Rab8 15. Qc3 Rfe8 16. Qc5 Qxc5 17. Rxc5 Bg6 18. Nxg6 hxg6 19. Bd3 Kf8 20.
Rfc1 Ke7 21. b4 a6 22. a4 Kd6 23. b5 axb5 24. axb5 Rec8 25. bxc6 bxc6 26. h3
Rc7 27. f3 Nd7 28. R5c3 c5 29. dxc5+ Rxc5 30. Kf2 Rb2+ 31. Kg3 Rb3 32. Rxb3
Rxc1 33. Ra3 Ne5 34. f4 Nc6 35. Kf3 Nb4 36. Be2 Rc7 37. Rb3 Rb7 38. Kg4 Rb8 39.
Bf3 Kc5 40. Rc3+ Kd6 41. Rb3 Rb6 42. Be2 Kc7 43. Rc3+ Rc6 44. Rxc6+ Kxc6 45.
Bd1 Nd3 46. Ba4+ Kd6 47. Bb5 Nf2+ 48. Kf3 Ne4 49. Bd3 Nc3 50. g4 Na4 51. Bb5
Nc5 52. Be8 Ke7 53. Bc6 Ke6 54. Be8 Ne4 55. h4 Nd6 56. Bc6 f6 57. Ba4 g5 58.
hxg5 fxg5 59. fxg5 Ke5 60. Bc2 Nf7 61. g6 Ng5+ 62. Kf2 Ne6 63. Kf3 d4 64. Bf5
Ng5+ 65. Ke2 dxe3 66. Kxe3 Nh3 67. Kf3 Nf4 68. Be4 Ne6 69. Bf5 Nd4+ 70. Kg3
Nxf5+ 71. gxf5 Kxf5 72. Kf3 Kf6 73. Kf4 Kxg6 74. Kg4 Kf6 75. Kf4 g5+ 76. Kf3
Kf5 77. Kg3 g4 78. Kg2 Kf4 79. Kf2 g3+ 80. Kg2 Kg4 81. Kg1 Kh4 82. Kg2 Kg4 83.
Kg1 Kf3 84. Kf1 g2+ 85. Kg1 Kg3 1/2-1/2

[Event "Faxe EMT 2009"]
[Site "Faxe"]
[Date "2009.03.25"]
[Round "2"]
[White "Hansen, Borge"]
[Black "Lindskov, Villy"]
[Result "1/2-1/2"]
[WhiteElo "1511"]
[BlackElo "1822"]
[PlyCount "84"]
[EventDate "2009.??.??"]

1. e4 c5 2. Nf3 d6 3. d3 Nc6 4. Be2 g6 5. O-O Bg7 6. c3 Nf6 7. Nbd2 O-O 8. h3
a6 9. Nh2 e5 10. Ng4 Nxg4 11. Bxg4 b5 12. Bxc8 Rxc8 13. Rb1 d5 14. Nf3 d4 15.
cxd4 cxd4 16. Nh2 f5 17. f3 fxe4 18. fxe4 Rxf1+ 19. Kxf1 Qf6+ 20. Nf3 h6 21. a3
Qf7 22. Bd2 Kh7 23. Rc1 Qe6 24. Kg1 g5 25. Bxg5 Na5 26. Bd2 Rxc1 27. Qxc1 Nb3
28. Qc2 Nxd2 29. Qxd2 Qb3 30. Nh4 Bf6 31. Nf3 Kg6 32. Kf2 Qe6 33. Qc2 Bg5 34.
Nxg5 Kxg5 35. Qd2+ Kg6 36. Kg1 Qf6 37. Qc1 h5 38. Qd2 h4 39. Qc1 Kh5 40. Qd1+
Kg6 41. Qg4+ Kh6 42. Qe2 Qf4 1/2-1/2

[Event "Faxe EMT 2009"]
[Site "Faxe"]
[Date "2009.03.25"]
[Round "2"]
[White "Nielsen, Poul Erik2"]
[Black "Christoffersen, Per"]
[Result "0-1"]
[WhiteElo "1291"]
[BlackElo "1530"]
[PlyCount "82"]
[EventDate "2009.??.??"]

1. Nf3 d5 2. d4 Nf6 3. c4 c6 4. Nc3 dxc4 5. e4 b5 6. e5 Nd5 7. Be2 Bf5 8. a3
Nd7 9. Nh4 Bg6 10. Nxg6 hxg6 11. Bf3 e6 12. Ne4 Be7 13. O-O N7b6 14. Re1 Qc8
15. Bg5 O-O 16. Bxe7 Nxe7 17. Nd6 Qa6 18. Bg4 Nf5 19. Ne4 Rad8 20. Bxf5 gxf5
21. Nd6 Nc8 22. Nxc8 Qxc8 23. Re3 g6 24. Rh3 c5 25. Rh4 Rxd4 26. Rxd4 cxd4 27.
Qxd4 Qc7 28. Rd1 Rc8 29. h4 Qe7 30. Rc1 Rd8 31. Qf4 Rd5 32. Rc3 Rd3 33. g3 Rxc3
34. bxc3 Qxa3 35. Qd4 Qe7 36. Kg2 Qb7+ 37. Kf1 Qc7 38. f4 a5 39. Qd1 a4 40. Qb1
Qc6 41. Qb4 Qf3+ 0-1

[Event "Faxe EMT 2009"]
[Site "Faxe"]
[Date "2009.03.25"]
[Round "2"]
[White "Andersen, Bjarne Hjorth"]
[Black "Lillebro, Verner"]
[Result "1-0"]
[WhiteElo "1881"]
[BlackElo "1285"]
[PlyCount "53"]
[EventDate "2009.??.??"]

1. e4 c5 2. Nf3 Nc6 3. d4 d6 4. d5 Ne5 5. Bb5+ Nd7 6. O-O a6 7. Bd3 g6 8. c4
Bg7 9. Nc3 Ne5 10. Nxe5 Bxe5 11. Be3 h5 12. h3 e6 13. Qd2 Bg7 14. Rae1 e5 15.
f4 Nf6 16. fxe5 dxe5 17. Bg5 Qd6 18. Qf2 O-O 19. Bxf6 Bd7 20. Qh4 Rae8 21. Re2
Bh6 22. Bg5 Bg7 23. Ref2 Bc8 24. Qg3 f6 25. Bxf6 Rxf6 26. Rxf6 Bxf6 27. Qxg6+
1-0

[Event "Faxe EMT 2009"]
[Site "Faxe"]
[Date "2009.03.25"]
[Round "2"]
[White "Larsen, Paul M"]
[Black "Brinkhard, Anders"]
[Result "1/2-1/2"]
[WhiteElo "1613"]
[BlackElo "1432"]
[PlyCount "54"]
[EventDate "2009.??.??"]

1. e4 e6 2. d4 d5 3. e5 c5 4. f4 Nc6 5. Nf3 Qb6 6. a3 cxd4 7. Bd3 h6 8. O-O Bd7
9. Kh1 Rc8 10. b4 a6 11. Nbd2 Na7 12. Nb3 Bb5 13. Nfxd4 Bxd3 14. Qxd3 Ne7 15.
Be3 Qc7 16. Nc5 Nac6 17. Nxc6 Qxc6 18. Rac1 Nf5 19. Bf2 Bxc5 20. Bxc5 b6 21.
Bf2 O-O 22. Qxa6 b5 23. Qxc6 Rxc6 24. g4 Ne7 25. Bc5 Re8 26. f5 Ra6 27. Rf3 Nc6
1/2-1/2

[Event "Faxe EMT 2009"]
[Site "Faxe"]
[Date "2009.03.25"]
[Round "2"]
[White "Hansen, Knud"]
[Black "Hansen, Arne Mandrup"]
[Result "1/2-1/2"]
[WhiteElo "1633"]
[BlackElo "1397"]
[PlyCount "52"]
[EventDate "2009.??.??"]

1. e4 d5 2. exd5 Qxd5 3. Nc3 Qa5 4. d4 Nf6 5. Bd2 Nc6 6. Ne4 Qd5 7. Nxf6+ gxf6
8. c3 Bf5 9. Be3 e6 10. Ne2 O-O-O 11. Qa4 a6 12. Nf4 Qd6 13. Be2 Be4 14. f3 Bf5
15. O-O-O Nb8 16. g3 Qc6 17. Qxc6 Nxc6 18. Ng2 h6 19. Rhe1 Bg7 20. Nf4 Bf8 21.
Nd3 Ne7 22. Nc5 Nd5 23. Bf2 Rd6 24. Bd3 Bxd3 25. Rxd3 Rc6 26. Re2 h5 1/2-1/2

[Event "Faxe EMT 2009"]
[Site "Faxe"]
[Date "2009.03.25"]
[Round "2"]
[White "Andersen, Hans Poul"]
[Black "Eckert, Svend"]
[Result "0-1"]
[WhiteElo "1269"]
[BlackElo "1628"]
[PlyCount "123"]
[EventDate "2009.??.??"]

1. e4 c6 2. d3 d5 3. Be2 e5 4. Nf3 Qc7 5. O-O Nf6 6. Nc3 d4 7. Nb1 c5 8. Nbd2
Nc6 9. Nc4 b5 10. Ncd2 Bd6 11. a3 O-O 12. c4 a6 13. b3 Bb7 14. h3 g6 15. Nh2
Ne7 16. Ng4 Nxg4 17. Bxg4 f5 18. Be2 Rf7 19. a4 b4 20. f3 f4 21. Qe1 g5 22. h4
h6 23. h5 Raf8 24. Kh2 Bc8 25. Rh1 Rg7 26. Kg1 Kh7 27. Nf1 g4 28. fxg4 Bxg4 29.
Bxg4 Rxg4 30. Qf2 Ng8 31. Nh2 Rg3 32. Nf3 Qg7 33. Bd2 Nf6 34. Be1 Rg8 35. Ra2
Qg4 36. Kf1 Nxh5 37. Rh4 Qg6 38. Qe2 Qf7 39. Qd2 R3g4 40. Rxg4 Rxg4 41. Nh2
Ng3+ 42. Kg1 Qh5 43. Qd1 Rg5 44. Qxh5 Nxh5 45. Nf3 Rg7 46. Nh4 Bc7 47. Nf5 Rg4
48. Rf2 Ng7 49. Nxg7 Kxg7 50. Rf3 Kg6 51. g3 Bd8 52. Kh2 Bg5 53. Kh3 h5 54. Bf2
fxg3 55. Bxg3 Bf4 56. Bf2 Kg5 57. Bg3 Bxg3 58. Rxg3 Kf4 59. Rxg4+ hxg4+ 60. Kg2
g3 61. Kf1 Kf3 62. Kg1 0-1

[Event "Faxe EMT 2009"]
[Site "Faxe"]
[Date "2009.03.25"]
[Round "2"]
[White "Andersen, Hans E"]
[Black "Voigt, Keld"]
[Result "1-0"]
[WhiteElo "1449"]
[BlackElo "1180"]
[PlyCount "63"]
[EventDate "2009.??.??"]

1. e4 e5 2. Nf3 d6 3. h3 Nc6 4. Nc3 Be7 5. Bb5 Bd7 6. d3 Nd4 7. Bxd7+ Qxd7 8.
Be3 c5 9. Nd5 Nf6 10. Nxf6+ Bxf6 11. c3 Ne6 12. a3 a5 13. Qd2 O-O 14. O-O b5
15. Ng5 Be7 16. Nxe6 Qxe6 17. f4 exf4 18. Rxf4 Bg5 19. Rg4 f5 20. Rxg5 fxe4 21.
dxe4 Rf6 22. Qd5 Qxd5 23. exd5 Re8 24. Re1 h6 25. Rg3 Re5 26. Rd1 Kh7 27. b4
axb4 28. axb4 Re4 29. bxc5 Rc4 30. Bd4 dxc5 31. Bxf6 gxf6 32. d6 1-0

[Event "Faxe EMT 2009"]
[Site "Faxe"]
[Date "2009.03.25"]
[Round "2"]
[White "Nielsen, Johannes"]
[Black "Christoffersen, Ib"]
[Result "0-1"]
[WhiteElo "1000"]
[BlackElo "1421"]
[PlyCount "101"]
[EventDate "2009.??.??"]

1. e4 e5 2. Bc4 Nf6 3. d3 d5 4. exd5 Nxd5 5. Bxd5 Qxd5 6. Nf3 Bg4 7. O-O Nc6 8.
Nc3 Qd7 9. Re1 O-O-O 10. Re4 f5 11. Re1 e4 12. dxe4 fxe4 13. Qxd7+ Rxd7 14.
Rxe4 Bxf3 15. gxf3 Bb4 16. Be3 Bxc3 17. bxc3 Rf8 18. Kg2 Rf6 19. Re8+ Rd8 20.
Rxd8+ Nxd8 21. Bd4 Rg6+ 22. Kh1 Ne6 23. Re1 Kd7 24. Rd1 Kc6 25. a4 Rg5 26. Re1
Kd5 27. a5 Rf5 28. Bxa7 Rxf3 29. c4+ Kd6 30. c5+ Nxc5 31. Bxc5+ Kxc5 32. Kg2
Rf7 33. Rb1 c6 34. Re1 Kb5 35. Re5+ Ka6 36. c4 Rc7 37. Re8 Kxa5 38. Re4 Kb4 39.
Rh4 h6 40. Rg4 g5 41. Re4 c5 42. Re6 Rc6 43. Re4 Rf6 44. Kg3 Kc3 45. h3 Kd3 46.
Re5 Kxc4 47. h4 gxh4+ 48. Kxh4 Rxf2 49. Rh5 Rh2+ 50. Kg4 Rxh5 51. Kxh5 0-1

[Event "Faxe EMT 2009"]
[Site "Faxe"]
[Date "2009.04.01"]
[Round "3"]
[White "Jensen, Leif"]
[Black "Hansen, Borge"]
[Result "1-0"]
[WhiteElo "1990"]
[BlackElo "1511"]
[PlyCount "182"]
[EventDate "2009.??.??"]

1. e4 e5 2. Nc3 d6 3. Bc4 Nf6 4. d3 Be7 5. f4 exf4 6. Bxf4 O-O 7. Nf3 Nc6 8.
O-O Na5 9. Bb3 Nxb3 10. axb3 Bg4 11. Qd2 a6 12. Kh1 Qd7 13. Rae1 Rae8 14. Nd1
Qc8 15. Ne3 Bxf3 16. Rxf3 Nh5 17. Nf5 Nxf4 18. Qxf4 Bf6 19. c3 Re6 20. Ref1 Qe8
21. Rh3 Qd8 22. Qg4 Bg5 23. Qh5 h6 24. Rg3 Kh7 25. Nd4 Rf6 26. Rgf3 g6 27. Qg4
Rxf3 28. Qxf3 Kg7 29. Qg4 Qc8 30. Qg3 Qd8 31. Qf3 Qf6 32. Qxf6+ Bxf6 33. Ne2
Re8 34. Nf4 c6 35. g3 Bd8 36. Kg2 Bg5 37. Nh3 Bd8 38. Kf3 f6 39. Nf4 Re7 40. d4
g5 41. Nh5+ Kg6 42. g4 Rd7 43. Ng3 d5 44. exd5 Rxd5 45. Nf5 h5 46. h3 h4 47.
Re1 Kf7 48. Re2 Rd7 49. Rd2 Bc7 50. Rd3 Bf4 51. Rd1 Bc7 52. b4 Bb8 53. Ke4 Bc7
54. Rd3 Bf4 55. d5 cxd5+ 56. Rxd5 Rxd5 57. Kxd5 b6 58. c4 Bc1 59. b3 Ba3 60. c5
bxc5 61. bxc5 Ke8 62. Nd6+ Kd7 63. c6+ Kd8 64. Nc4 Bc1 65. Nd6 Bf4 66. Ne4 Be5
67. Nc5 a5 68. Nb7+ Kc7 69. Nxa5 Bc3 70. Nc4 Bb4 71. Ne3 Bc3 72. Nf5 Bd2 73.
Ne7 Bb4 74. Nf5 Ba3 75. Nd4 Bb4 76. Ne6+ Kc8 77. Kc4 Be7 78. b4 Bd6 79. b5 Kb8
80. Kd5 Be5 81. Nxg5 fxg5 82. Kxe5 Kc7 83. Kf5 Kb6 84. Kxg5 Kxb5 85. c7 Kb6 86.
c8=Q Kb5 87. Kf5 Kb4 88. Ke4 Kb5 89. Kd5 Kb4 90. Qc2 Kb5 91. Qb2+ Ka5 1-0

[Event "Faxe EMT 2009"]
[Site "Faxe"]
[Date "2009.04.01"]
[Round "3"]
[White "Andersen, Bjarne Hjorth"]
[Black "Refsgaard, Kaj"]
[Result "1/2-1/2"]
[WhiteElo "1881"]
[BlackElo "1524"]
[PlyCount "71"]
[EventDate "2009.??.??"]

1. e4 c5 2. Nf3 Nc6 3. d4 cxd4 4. Nxd4 g6 5. Nc3 Bg7 6. Be3 Nf6 7. f3 d6 8. Qd2
Nxd4 9. Bxd4 O-O 10. h4 h5 11. O-O-O Qa5 12. Kb1 Be6 13. Nd5 Qxd2 14. Nxe7+ Kh8
15. Rxd2 Rfe8 16. Bxf6 Bxf6 17. Nd5 Bxd5 18. Rxd5 Be5 19. Bc4 Kg7 20. Rdd1 Rac8
21. Bd5 b6 22. Rdf1 Rc5 23. c4 a5 24. b3 Rb8 25. f4 Bd4 26. f5 b5 27. cxb5
Rbxb5 28. fxg6 f6 29. Rc1 Kxg6 30. a4 Rxc1+ 31. Rxc1 Rc5 32. Rf1 Rc3 33. Rc1
Rxc1+ 34. Kxc1 Bf2 35. Kd2 Bxh4 36. Ke2 1/2-1/2

[Event "Faxe EMT 2009"]
[Site "Faxe"]
[Date "2009.04.01"]
[Round "3"]
[White "Lindskov, Villy"]
[Black "Eckert, Svend"]
[Result "1-0"]
[WhiteElo "1822"]
[BlackElo "1628"]
[PlyCount "55"]
[EventDate "2009.??.??"]

1. e4 c6 2. d4 d5 3. e5 e6 4. Bd3 c5 5. c3 c4 6. Bc2 Bd7 7. Nf3 g6 8. O-O b5 9.
Be3 Bc6 10. h3 Nd7 11. Nbd2 Bh6 12. Qe2 f5 13. exf6 Qxf6 14. Nh2 Bg7 15. Ng4
Qe7 16. f4 Ngf6 17. Ne5 Nxe5 18. fxe5 Ne4 19. Nxe4 dxe4 20. Qg4 a6 21. Bxe4 Qd7
22. Bg5 Rf8 23. Rxf8+ Bxf8 24. Rf1 Be7 25. Bxe7 Kxe7 26. Qh4+ Ke8 27. Bxc6 Qxc6
28. Qxh7 1-0

[Event "Faxe EMT 2009"]
[Site "Faxe"]
[Date "2009.04.01"]
[Round "3"]
[White "Hansen, Egon"]
[Black "Larsen, Paul M"]
[Result "1-0"]
[WhiteElo "1427"]
[BlackElo "1613"]
[PlyCount "63"]
[EventDate "2009.??.??"]

1. e4 d6 2. d4 Nd7 3. Nf3 e5 4. c3 Be7 5. Bd3 c6 6. O-O Ngf6 7. Re1 O-O 8. Nbd2
Qc7 9. Nf1 b5 10. a4 Bb7 11. Ng3 a6 12. h3 Rfd8 13. Qc2 Bf8 14. Be3 g6 15. Nd2
Bg7 16. f4 exf4 17. Bxf4 Nf8 18. e5 dxe5 19. Bxe5 Qd7 20. Rf1 Nd5 21. Bxg7 Ne3
22. Qc1 Nxf1 23. Be5 Nxg3 24. Bxg3 Ne6 25. Ne4 Qe7 26. Be5 f5 27. Nf6+ Kf7 28.
Qh6 Nf8 29. Nxh7 Ke6 30. Nxf8+ Qxf8 31. Qxg6+ Ke7 32. Re1 1-0